000 00312nam a22001337a 4500
020 _a81-223-1199-7
082 _a158
_bDAV/L
100 _aDAVE,UTTAM
245 _aLISTEN ME, MY DEAR YOUNG CHILD
260 _aDELHI
_bPUSTAK MAHAL
300 _a104
650 _aCOMMON CONCERNS OF TEENAGERS
_zDELHI
942 _cBK
999 _c5098
_d5098